Running on effective training session

Bibliographic Details
Main Author: Forsyth, Patrick
Format: Book
Published: England : Gower Publishing Company , 1992
Subjects:

MARC

LEADER 00000cam a2200000 7i4500
001 0000003423
005 20050114.0
020 |a 056607320x 
040 |a INS 
090 0 0 |a HF5549.5   |b F6 1992 
100 1 |a Forsyth, Patrick 
245 1 0 |a Running on effective training session   |c Patrick Forsyth 
260 |a England :   |b Gower Publishing Company ,   |c 1992 
300 |a 127p. ;   |c 24.5 cm. 
650 0 0 |a Employees   |x Training of 
650 0 0 |a Training 
999 |a 0000005545   |b BOOK   |c Open Shelf   |e Default branch